<La> perception de la responsabilité sociale des entreprises et son influence sur les consommateurs diplomová práca

Uložené v:
Podrobná bibliografia
Hlavný autor: Lietavcová, Ivana
Korporativný autor: Ekonomická univerzita v Bratislave. Ústav medzinárodných programov
Ďalší autori: Přívara, Andrej, 1983-
Médium: Kniha
Jazyk:French
Vydavateľské údaje: Bratislava 2014
Tagy: Pridať tag
Žiadne tagy, Buďte prvý, kto otaguje tento záznam!

MARC

LEADER 00000nbm a2200000 4500
001 0193287
005 20170314124535.9
041 0 |a fre 
044 |a SK 
245 1 0 |a <La> perception de la responsabilité sociale des entreprises et son influence sur les consommateurs  |b diplomová práca  |c Ivana Lietavcová ; školiteľ: Andrej Přívara 
264 1 |a Bratislava  |c 2014 
300 |a 60 s. 
100 1 |a Lietavcová, Ivana 
700 1 |a Přívara, Andrej, 1983- 
710 2 |a Ekonomická univerzita v Bratislave. Ústav medzinárodných programov